MDQL
is popping MORE tags! Check the
thread
!
Quizzes
Events
Quiz Creation
Community
Videos
Private Events
Remove Ads
Sign In
Join for FREE
Feedback
Dark Mode
Quiz Categories
Sports
Geography
Music
Movies
Television
Just For Fun
Miscellaneous
History
Literature
Language
Science
Gaming
Entertainment
Religion
Holiday
For Kids
Quiz Lab
Recent
Popular Today
Quiz Kudos Today
Editor Picks
Curator Picks
Quizzes by...
Day
Popularity
Type
Ratings
Length
Year
Community
Subscriptions
Recent Discussions
Orange Saloon
Badges
Playlists
Quests
Create
Leaderboards
Showdown
Live 5
Trivia Bingo
Activity
Puzzle Library
Sporcle Events
Private Events
Virtual Trivia
Globe League
Become a Host
Pub Owners
SporcleCon
Opinionation
Our Games
Videos
Blog
Mobile Apps
Partnerships
Remove Ads and Go Orange
Feedback
Sports
Athletes
MLB
NBA
NHL
NFL
Soccer
Sports Teams
WWE
NCAA
Football
Premier League
Basketball
Baseball
Hockey
Golf
Tennis
Cricket
Rugby
Auto Racing
Olympics
World Cup
Sports
Athletes
MLB
NBA
NHL
NFL
Soccer
Sports Teams
WWE
NCAA
Football
Premier League
Basketball
Baseball
Hockey
Golf
Tennis
Cricket
Rugby
Auto Racing
Olympics
World Cup
Random Quiz
Search Sporcle
×
Quiz Lab
Quiz Lab
Sports
Basketball
Type in answers that appear in a list
Type in answers that appear in a list
Classic
Best Score? Go Orange.
NBA: Who Has a Ring? Stats
Can you name the player in each grouping who has won an NBA championship??
By
UTR
6m
20 Questions
14.8K Plays
14,757 Plays
14,757 Plays
Comments
Comments
Give Quiz Kudos
Give Quiz Kudos
-
- Ratings
hide this ad
Forced Order
Answers have to be entered in order
Answers have to be entered in order
Wrong Answers
Some wrong answers will appear in red
Some wrong answers will appear in red
Replay
Link that replays current quiz
Next Quiz
Link to next quiz in quiz playlist
You Got
0%
They Got
Avg Score
63%
Avg Friend Score
Upgrade to see
Score Distribution
Jump to the score distribution portion of the page
Score
0/20
Timer
06:00
0
Plays Today
Players
Answer
% Correct
Michael Jordan/
Tracy McGrady/
Grant Hill/
Tim Hardaway
???
99.2%
Charles Barkley/
Chris Webber/
Tim Duncan/
Karl Malone
???
83.4%
John Stockton/
Gary Payton/
Patrick Ewing/
Shawn Kemp
???
67.5%
George Gervin/
Bill Walton/
Alex English/
Bob Lanier
???
60%
Jeff Hornacek/
Chris Mullin/
Jamal Mashburn/
Glen Rice
???
50.8%
Richard Hamilton/
Gilbert Arenas/
Jalen Rose/
Latrell Sprewell
???
32.4%
Ralph Sampson/
Bill Laimbeer/
Larry Nance/
Sidney Moncrief
???
30.5%
Byron Scott/
Mark Jackson/
Tom Chambers/
Hersey Hawkins
???
27.4%
Elgin Baylor/
Jack Twyman/
Willis Reed/
George Yardley
???
25.2%
World B. Free/
Maurice Cheeks/
Terry Cummings/
Kermit Washington
???
23.4%
Players
Answer
% Correct
Stephon Marbury/
Terry Porter/
Antoine Walker/
Anthony Mason
???
23%
Bernard King/
Walt Bellamy/
Dave Bing/
Elvin Hayes
???
21.9%
Harry Gallatin/
Maurice Stokes/
Paul Arizin/
Al Cervi
???
20.9%
Pete Maravich/
Tiny Archibald/
Calvin Murphy/
David Thompson
???
20.8%
Larry Johnson/
Sam Cassell/
Nick Van Exel/
Clifford Robinson
???
19%
Mark Aguirre/
Xavier McDaniel/
Christian Laettner/
Cedric Ceballos
???
18.9%
Nate Thurmond/
Connie Hawkins/
Walter Davis/
Dave DeBusschere
???
18.2%
Rik Smits/
Theo Ratliff/
Kevin Willis/
Dikembe Mutombo
???
17%
Damon Jones/
Eddie House/
Quentin Richardson/
Leandro Barbosa
???
16%
Vlade Divac/
Charles Oakley/
Antonio McDyess/
Glenn Robinson
???
9.1%
Quiz Playlist
Details
Report
Send in Message
Add To Playlist
Classic:
Type in answers that appear in a list
Forced Order:
Answers have to be entered in order
Wrong Answers:
Some wrong answers will appear in red
Last Updated: Jun 21, 2017
Quiz Scoreboard
CHALLENGE
Sign Up to Join the Scoreboard
Show All
Scores
Hide
Comments
May contain spoilers
Recently Published
Image Sorting: Flags VI
by Barbecue
Geography
2m
Find the 'City' Movie
by crazypaving
Movies
60s
Colored Red Africa Blitz
by spor1
Geography
45s
More to Explore
Quiz From the Vault
Featured Blog Post
14 Easter Pick-up Lines to Find Eggs With
hide this ad
You Might Also Like...
Tags
Basketball Quiz
NBA Quiz
Championship
group
Player
Ring
Won
Today's Top Quizzes in Sports
Browse Sports
hide this ad
Today's Top Quizzes in Basketball
Browse Basketball
Top Contributed Quizzes in Sports
1
Les meilleurs buteurs des matchs entre le PSG et l’OM
2
Les entraîneurs de l'OM et du PSG au 21e siècle
3
Les joueurs passés par le PSG et l'OM
4
2022 World Cup Stars
5
Players with Multiple 50 Home Run Seasons
6
Criteria MLB: Left Handed Sluggers
7
Les joueurs passés par le LOSC et le RC Lens
8
NBA Logic Puzzle 2.0
9
MLB Players with Two .350 Batting Average Seasons
10
FIFA Club World Cup Champions
Explore More
Trending Topics
Anime
NBA
Kpop
Harry Potter
Marvel
Crossword
Disney
The Office
Puzzle
WWE
Country
Soccer
Song
NFL
Pokémon
hide this ad
More By:
UTR
Quiz
Plays
Rating
Category
Featured
Created
NBA: Who Has a Ring?
14,757
4.15
Sports
May 29, 2011
Most AP top 25 appearances (non-BCS)
3,875
4.43
Sports
Oct 19, 2010
College Football Playoff - BCS Era
3,783
4.43
Sports
Mar 22, 2011
Best and Worst Teams By Decade
2,804
3.10
Sports
Sep 24, 2010
Worst Quarterbacks of the 2000s
1,710
3.80
Sports
Jul 13, 2010
Go to Creator's Profile
Score Distribution
Quiz Creator Spotlight
UTR
Follow
Send a Message
Quizzes Created
-
Created Quiz Play Count
-
More By This Creator
Popular Quizzes Today
1
Colored Red Africa Blitz
2
Find the US States - No Outlines Minefield
3
Find the 'City' Movie
4
5x2 Blitz: Bands
5
The Countries of the World
6
Find the US States
7
Find the Countries of Europe - No Outlines Minefield
8
US States
More Sports Quizzes
First XI: Thiago
Quiz Lab
Trending Quizzes
Colored Red Europe Blitz I
Colored Red Europe Blitz II
Colored Red Africa Blitz II
Colored Red Europe Blitz III
Colored Red Africa Blitz III
Recently Updated
How Do You Spell That?
pecheneg
Godzilla Movies
pecheneg
Grab Bag: 4-10 Letters
pecheneg
2024 March Madness Bracket
pecheneg
Famous TV Couples
Peacemaker
Champions League XIs: Real Madrid
pecheneg
Largest US Cities 1790-2010
pecheneg
Rides in Walt Disney World
pecheneg
Most Oscar Losses (Acting)
pecheneg
Beyoncé Albums
pecheneg
Trending Topics
NBA
Anime
Harry Potter
Disney
Kpop
Crossword
Marvel
WWE
Song
Pokémon
NFL
Country
Soccer
The Office
Puzzle
Your Account Isn't Verified!
In order to create a playlist on Sporcle, you need to verify the email address you used during registration. Go to your
Sporcle Settings
to finish the process.
Report this User
Report this user for behavior that violates our
Community Guidelines
.
Details:
Send Report
Go to the Sporcle.com Mobile Site →
Comments